000 00554nam a2200181 4500
003 SEACOMEC
005 20240416123621.0
008 231006b |||||||| |||| 00| 0 eng d
040 _aSEACOMEC
082 _a005.74
_bS532
100 1 _aShasha, Dennis
245 1 _aDatabase tuning
_bprinciples, experiments and troubleshooting techniques
_cDennis Shasha and Philippe Bonnet
260 _aNew Delhi
_bElsevier
_c2005
650 _aComputer programming, programs, data
650 _aData in computer systems
700 1 _aBonnet, Philippe
942 _cBOOK
999 _c160
_d160